000 00274nam a22001217a 4500
082 _a001
_bKRI/W
100 _aKRISHNAN, MADHULATHA
245 _aWONDERS OF THE WORLD
260 _aBANGALORE
_bVASAN PUBLICATIONS
300 _a116
650 _aWONDERS
_zBANGALORE
942 _cBK
999 _c6350
_d6350